000 01010nam a2200241Ia 4500
999 _c40298
_d40298
001 6906
003 GE_BSU
005 20200206151345.0
008 181216s1979||||ge |||||||||||||| ||geo||
040 _cGE_BSU
041 _ageo
080 _a821.353.1-1 გ-85
100 _aგრიშაშვილი, იოსებ.
_96813
245 _aხელოვნებას :
_bთეატრი, კინო, სიმღერა, ცეკვა /
_cიოსებ გრიშაშვილი ; კრებული შეადგინა, წინასიტყვაობა და შენიშვნები დაურთო, გივი ჯაოშვილმა.
264 _aთბილისი :
_bხელოვნება,
_c1979.
300 _a134 გვ. ;
_c20 სმ.
653 _aხელოვნება
653 _aთეატრი
653 _aკინო
653 _aსიმღერა
653 _aცეკვა
942 _cBK
_2udc